|
|
|
|
| LEADER |
00000nab a2200000 ar4500 |
| 001 |
vtls008857073 |
| 003 |
SK-MaSNL |
| 005 |
20260303063153.0 |
| 008 |
061023c2006 xo qr|p|||||||000 b|slo |
| 015 |
|
|
|a SNBRB2006/10
|2 snkbucl
|
| 038 |
|
|
|a SNKBUCL
|
| 040 |
|
|
|a SNKBUCL
|b slo
|c SNKBUCL
|e AACR2
|
| 041 |
0 |
|
|a slo
|
| 044 |
|
|
|a xo
|c SK
|
| 080 |
|
|
|a 351.761.3:061.27(437.6)
|2 UDC-MRF-SK2
|
| 080 |
|
|
|a 613.83
|2 UDC-MRF-SK2
|
| 100 |
1 |
|
|a Galáš, Ján
|4 aut
|9 358689
|
| 245 |
1 |
0 |
|a Kultúra života alebo vybrané aspekty činnosti Protidrogového fondu
|c Ján Galáš
|
| 300 |
|
|
|b Fotogr., sch.
|
| 610 |
2 |
7 |
|a Protidrogový fond (Slovensko)
|2 snkbucl
|9 915239
|
| 773 |
0 |
|
|t Sociálna prevencia : prevencia drogových závislostí
|g Roč. I, č. 2 (2006), s. 15-18
|x 1336-9679
|
| 852 |
|
|
|a SNK
|b KIS3GCP
|
| 999 |
|
|
|c 1742003
|d 1743933
|